000 00331nam a2200133Ia 4500
008 240624s9999 xx 000 0 und d
041 _aeng
082 _a658.452 KRO
100 _aKROEHNERT GARY
245 _aBASIC PRESENTATION SKILL
260 _c2004
_aNew Delhi
_bTata McGrawhill
300 _avi, : 169 : cm. ; 27
365 _cRS
999 _c1989
_d1989